[Event "Goch op 23rd"]
[Site "Goch"]
[Date "2012.09.02"]
[Round "6"]
[White "Christen, Stefan"]
[Black "Priebe, Bernhard"]
[Result "1-0"]
[WhiteElo "1843"]
[BlackElo "1515"]
[PlyCount "99"]
[EventDate "2012.08.30"]
[EventType "swiss"]
[EventRounds "7"]
[EventCountry "GER"]
[SourceTitle "EXT 2015"]
[Source "ChessBase"]
[SourceDate "2014.11.20"]
[SourceVersion "1"]
[SourceVersionDate "2014.11.20"]
[SourceQuality "1"]

1. b3 d5 2. Bb2 c5 3. e3 Nc6 4. Bb5 a6 5. Bxc6+ bxc6 6. d3 d4 7. Qf3 Bb7 8. Ne2 e5 9. 0-0 Qf6 10. Nd2 Be7 11. Ng3 Qxf3 12. Nxf3 f6 13. Ba3 c4 14. Bxe7 Nxe7 15. bxc4 c5 16. e4 0-0 17. Rab1 Rab8 18. Rb2 Ba8 19. Rfb1 Nc6 20. Nf5 Rxb2 21. Rxb2 Kf7 22. a3 Rb8 23. Rxb8 Nxb8 24. Nd6+ Ke6 25. Ne8 Kf7 26. Nc7 Bc6 27. Nd2 Ba4 28. Nb3 Bxb3 29. cxb3 Ke7 30. Kf1 Kd7 31. Nd5 Nc6 32. Ke2 Na5 33. b4 Nb7 34. g3 Kd6 35. Nb6 cxb4 36. axb4 Kc6 37. Nd5 Nd6 38. h4 Nb7 39. Kd2 a5 40. h5 h6 41. bxa5 Nxa5 42. Ne7+ Kd7 43. Nf5 Nb3+ 44. Kc2 Nc5 45. Nxg7 Ne6 46. Nxe6 Kxe6 47. c5 Kd7 48. Kb3 Kc7 49. Kc4 Kc6 50. f4 1-0

[Event "Goch op 23rd"]
[Site "Goch"]
[Date "2012.08.30"]
[Round "1"]
[White "Priebe, Bernhard"]
[Black "Jenusch, Robert"]
[Result "0-1"]
[WhiteElo "1515"]
[BlackElo "2028"]
[PlyCount "48"]
[EventDate "2012.08.30"]
[EventType "swiss"]
[EventRounds "7"]
[EventCountry "GER"]
[SourceTitle "EXT 2015"]
[Source "ChessBase"]
[SourceDate "2014.11.20"]
[SourceVersion "1"]
[SourceVersionDate "2014.11.20"]
[SourceQuality "1"]

1. d4 d5 2. Nf3 c6 3. c4 e6 4. Nc3 f5 5. cxd5 exd5 6. Bg5 Nf6 7. e3 Be7 8. Bd3 0-0 9. 0-0 Ne4 10. Bxe7 Qxe7 11. Ne5 Nd7 12. Nxd7 Bxd7 13. Re1 Rae8 14. Qb3 Bc8 15. Ne2 Qh4 16. Bxe4 fxe4 17. Rf1 Re6 18. Nf4 Rh6 19. h3 Qe7 20. Qd1 g5 21. Nh5 g4 22. Nf4 gxh3 23. Nxh3 Bxh3 24. gxh3 Rf3 0-1